[Event "ureki2015"]
[Site "?"]
[Date "2015.10.09"]
[Round "5.15"]
[White "Mgeladze, Tamaz"]
[Black "Chkhikvishvili, Mindia"]
[Result "1-0"]
[LiveChessVersion "1.3.1"]
[BlackElo "2057"]
[WhiteElo "2339"]

1. c4 {[%clk 1:30:58]} e5 {[%clk 1:27:49]} 2. g3 {[%clk 1:31:22]} Nf6
{[%clk 1:27:03]} 3. Bg2 {[%clk 1:31:46]} d6 {[%clk 1:26:22]} 4. Nc3
{[%clk 1:32:05]} g6 {[%clk 1:26:39]} 5. Nf3 {[%clk 1:32:19]} Bg7 {[%clk 1:27:02]}
6. O-O {[%clk 1:32:41]} O-O {[%clk 1:27:20]} 7. d3 {[%clk 1:33:04]} c6
{[%clk 1:26:53]} 8. c5 {[%clk 1:30:49]} Re8 {[%clk 1:24:49]} 9. cxd6
{[%clk 1:30:59]} Qxd6 {[%clk 1:25:03]} 10. Be3 {[%clk 1:28:01]} Na6
{[%clk 1:16:29]} 11. Rc1 {[%clk 1:25:58]} Nd5 {[%clk 1:08:42]} 12. Bd2
{[%clk 1:22:31]} Nxc3 {[%clk 1:07:32]} 13. Bxc3 {[%clk 1:22:40]} Nc7
{[%clk 1:03:19]} 14. Qb3 {[%clk 1:17:15]} Nd5 {[%clk 1:02:28]} 15. Bd2
{[%clk 1:16:05]} h6 {[%clk 0:51:36]} 16. Rfd1 {[%clk 1:10:41]} Qe7
{[%clk 0:48:56]} 17. e4 {[%clk 1:08:44]} Nb6 {[%clk 0:44:53]} 18. Bb4
{[%clk 1:08:12]} Qf6 {[%clk 0:44:17]} 19. d4 {[%clk 0:57:53]} exd4
{[%clk 0:40:42]} 20. Nxd4 {[%clk 0:57:40]} Be6 {[%clk 0:30:23]} 21. Nxe6
{[%clk 0:57:08]} Qxe6 {[%clk 0:29:45]} 22. Qxe6 {[%clk 0:57:00]} fxe6
{[%clk 0:27:30]} 23. b3 {[%clk 0:56:01]} Rad8 {[%clk 0:26:05]} 24. Bc5
{[%clk 0:56:27]} Nc8 {[%clk 0:25:26]} 25. Be3 {[%clk 0:53:55]} Kf7
{[%clk 0:22:55]} 26. Kf1 {[%clk 0:51:58]} Rxd1+ {[%clk 0:20:26]} 27. Rxd1
{[%clk 0:52:03]} b6 {[%clk 0:19:48]} 28. b4 {[%clk 0:49:23]} Re7 {[%clk 0:11:09]}
29. Bh3 {[%clk 0:46:12]} Rc7 {[%clk 0:09:58]} 30. Bf4 {[%clk 0:44:34]} e5
{[%clk 0:09:44]} 31. Be3 {[%clk 0:45:02]} Ke7 {[%clk 0:09:21]} 32. a4
{[%clk 0:41:49]} Nd6 {[%clk 0:09:08]} 33. f3 {[%clk 0:42:17]} Nc4
{[%clk 0:06:56]} 34. Bc1 {[%clk 0:42:11]} Nd6 {[%clk 0:06:24]} 35. Ke2
{[%clk 0:41:59]} c5 {[%clk 0:06:27]} 36. bxc5 {[%clk 0:40:19]} bxc5
{[%clk 0:04:49]} 37. Rd5 {[%clk 0:40:14]} Nc4 {[%clk 0:04:58]} 38. Rd3
{[%clk 0:39:18]} Rb7 {[%clk 0:04:05]} 39. Bc8 {[%clk 0:33:57]} Rc7
{[%clk 0:03:59]} 40. Ba6 {[%clk 1:04:22]} Nb6 {[%clk 0:33:57]} 41. a5
{[%clk 1:03:53]} Nd7 {[%clk 0:31:26]} 42. Ba3 {[%clk 1:03:03]} Nf8
{[%clk 0:28:49]} 43. Rd5 {[%clk 0:59:03]} Ne6 {[%clk 0:25:34]} 44. Kd3
{[%clk 0:58:56]} Kf6 {[%clk 0:16:27]} 45. Bc4 {[%clk 0:53:37]} Bf8
{[%clk 0:12:34]} 46. Bb2 {[%clk 0:53:17]} Nd4 {[%clk 0:12:27]} 47. f4
{[%clk 0:53:45]} exf4 {[%clk 0:10:30]} 48. gxf4 {[%clk 0:53:45]} Rb7
{[%clk 0:09:25]} 49. Bxd4+ {[%clk 0:54:10]} cxd4 {[%clk 0:09:52]} 50. Kxd4
{[%clk 0:54:33]} Rb2 {[%clk 0:09:23]} 51. Rd7 {[%clk 0:51:31]} Rxh2
{[%clk 0:06:28]} 52. Rc7 Bb4 1-0

[Event "ureki2015"]
[Site "?"]
[Date "2015.10.09"]
[Round "5.16"]
[White "Shamatava, Ana"]
[Black "Khurtsidze, Nino"]
[Result "1/2-1/2"]
[LiveChessVersion "1.3.1"]
[BlackElo "2426"]
[WhiteElo "2054"]

1. e4 {[%clk 1:30:17]} d5 {[%clk 1:30:47]} 2. exd5 {[%clk 1:30:36]} Qxd5
{[%clk 1:30:57]} 3. Nc3 {[%clk 1:30:49]} Qd6 {[%clk 1:31:23]} 4. d4
{[%clk 1:31:11]} Nf6 {[%clk 1:31:42]} 5. h3 {[%clk 1:29:26]} a6 {[%clk 1:31:52]}
6. Bd3 {[%clk 1:29:18]} g6 {[%clk 1:21:54]} 7. Nf3 {[%clk 1:28:52]} Bg7
{[%clk 1:22:13]} 8. O-O {[%clk 1:28:46]} O-O {[%clk 1:22:11]} 9. Ne2
{[%clk 1:21:13]} b5 {[%clk 1:21:16]} 10. Bf4 {[%clk 1:17:41]} Qb6
{[%clk 1:21:37]} 11. a4 {[%clk 1:16:41]} Bb7 {[%clk 1:21:14]} 12. Nc3
{[%clk 1:12:59]} Nbd7 {[%clk 0:59:52]} 13. Re1 {[%clk 1:01:50]} c5
{[%clk 0:36:49]} 14. axb5 {[%clk 0:59:35]} axb5 {[%clk 0:35:00]} 15. Rxa8
{[%clk 0:59:59]} Bxa8 {[%clk 0:35:25]} 16. dxc5 {[%clk 0:49:33]} Nxc5
{[%clk 0:32:43]} 17. Bxb5 {[%clk 0:48:03]} Nfe4 {[%clk 0:28:25]} 18. Nxe4
{[%clk 0:43:09]} Bxe4 {[%clk 0:20:56]} 19. c4 {[%clk 0:38:47]} Bxb2
{[%clk 0:18:18]} 20. Rxe4 {[%clk 0:35:17]} Nxe4 {[%clk 0:18:35]} 21. Qe2
{[%clk 0:35:43]} Bd4 {[%clk 0:11:34]} 22. Qxe4 {[%clk 0:34:19]} Bxf2+
{[%clk 0:12:00]} 23. Kh2 {[%clk 0:34:36]} Qc5 {[%clk 0:12:05]} 24. Qd5
{[%clk 0:32:35]} Qxd5 {[%clk 0:10:07]} 25. cxd5 {[%clk 0:33:00]} Rd8
{[%clk 0:10:27]} 26. Bc6 {[%clk 0:33:08]} Bc5 {[%clk 0:10:47]} 27. Ng5
{[%clk 0:30:56]} Bd6 {[%clk 0:10:49]} 28. Bxd6 {[%clk 0:31:18]} Rxd6
{[%clk 0:11:18]} 29. Ne4 {[%clk 0:31:42]} Rd8 {[%clk 0:11:42]} 30. Kg3
{[%clk 0:25:26]} Rb8 {[%clk 0:09:16]} 31. Kf4 {[%clk 0:23:11]} Rb4
{[%clk 0:09:06]} 32. Ke3 {[%clk 0:20:55]} Rb3+ {[%clk 0:09:07]} 33. Kf4
{[%clk 0:14:44]} Kg7 {[%clk 0:07:24]} 34. Ke5 {[%clk 0:11:54]} Re3
{[%clk 0:03:41]} 35. d6 {[%clk 0:11:10]} exd6+ {[%clk 0:03:50]} 36. Kxd6
{[%clk 0:11:36]} f5 {[%clk 0:04:03]} 37. Nc5 {[%clk 0:10:08]} Kf6
{[%clk 0:03:42]} 38. Nd7+ {[%clk 0:08:11]} Kg5 {[%clk 0:04:04]} 39. Nf8
{[%clk 0:07:26]} h6 {[%clk 0:02:32]} 40. Bf3 {[%clk 0:32:12]} Re8
{[%clk 0:30:50]} 41. Nh7+ {[%clk 0:28:33]} Kh4 {[%clk 0:26:44]} 42. Kd7
{[%clk 0:26:36]} Re3 {[%clk 0:25:27]} 43. Nf8 {[%clk 0:27:00]} g5
{[%clk 0:25:35]} 44. Ng6+ {[%clk 0:26:26]} Kg3 {[%clk 0:25:58]} 45. Ne7
{[%clk 0:25:09]} Rxf3 {[%clk 0:26:05]} 46. gxf3 {[%clk 0:25:32]} f4
{[%clk 0:25:51]} 47. Nf5+ {[%clk 0:25:24]} Kxf3 {[%clk 0:25:46]} 48. Nxh6
{[%clk 0:25:50]} Kg2 {[%clk 0:26:00]} 49. Ke6 {[%clk 0:25:59]} f3
{[%clk 0:25:14]} 50. Ng4 {[%clk 0:26:20]} Kxh3 {[%clk 0:25:37]} 51. Kf5
{[%clk 0:26:46]} Kh4 {[%clk 0:26:00]} 52. Nf2 {[%clk 0:27:07]} Kg3 53. Ke4
1/2-1/2

[Event "ureki2015"]
[Site "?"]
[Date "2015.10.09"]
[Round "5.17"]
[White "Bortnyk, Olexandr"]
[Black "Ebralidze, Alexandre"]
[Result "1-0"]
[LiveChessVersion "1.3.1"]
[BlackElo "2163"]
[WhiteElo "2557"]

1. e4 {[%clk 1:30:21]} c6 {[%clk 1:30:45]} 2. Nc3 {[%clk 1:30:41]} d5
{[%clk 1:30:58]} 3. Nf3 {[%clk 1:31:05]} Bg4 {[%clk 1:30:49]} 4. h3
{[%clk 1:31:19]} Bxf3 {[%clk 1:31:15]} 5. Qxf3 {[%clk 1:31:43]} e6
{[%clk 1:31:44]} 6. d3 {[%clk 1:31:21]} Nd7 {[%clk 1:28:19]} 7. Be2
{[%clk 1:30:57]} Bd6 {[%clk 1:24:46]} 8. O-O {[%clk 1:28:26]} d4 {[%clk 1:20:23]}
9. Nb1 {[%clk 1:27:54]} Ngf6 {[%clk 1:18:25]} 10. Bd1 {[%clk 1:28:16]} Qc7
{[%clk 1:11:15]} 11. Qe2 {[%clk 1:27:33]} Bh2+ {[%clk 1:07:57]} 12. Kh1
{[%clk 1:27:53]} Bf4 {[%clk 1:08:22]} 13. Nd2 {[%clk 1:28:16]} O-O-O
{[%clk 1:05:18]} 14. g3 {[%clk 1:28:29]} Bh6 {[%clk 0:58:52]} 15. f4
{[%clk 1:28:33]} e5 {[%clk 0:53:38]} 16. Nc4 {[%clk 1:18:56]} b5 {[%clk 0:38:30]}
17. Nxe5 {[%clk 1:17:59]} Nxe5 {[%clk 0:38:38]} 18. fxe5 {[%clk 1:18:25]} Bxc1
{[%clk 0:24:41]} 19. exf6 {[%clk 1:18:14]} Bxb2 {[%clk 0:24:52]} 20. Rb1
{[%clk 1:18:39]} Ba3 {[%clk 0:24:27]} 21. fxg7 {[%clk 1:19:02]} Rhg8
{[%clk 0:24:30]} 22. Qg4+ {[%clk 1:18:05]} Kb8 {[%clk 0:23:09]} 23. Rf5
{[%clk 1:09:59]} a6 {[%clk 0:11:12]} 24. e5 {[%clk 1:09:10]} Rde8
{[%clk 0:10:37]} 25. Qxd4 {[%clk 1:00:41]} Rxg7 {[%clk 0:10:17]} 26. Bg4
{[%clk 1:01:03]} c5 {[%clk 0:01:51]} 27. Qf4 {[%clk 0:59:28]} Bb4
{[%clk 0:00:52]} 28. a4 {[%clk 0:58:20]} Ka7 {[%clk 0:00:37]} 29. axb5
{[%clk 0:58:39]} axb5 {[%clk 0:00:52]} 30. Ra1+ {[%clk 0:59:01]} Ba5
{[%clk 0:00:51]} 31. Rf6 {[%clk 0:58:50]} Rb8 {[%clk 0:00:36]} 32. e6
{[%clk 0:58:56]} Qxf4 {[%clk 0:00:34]} 33. gxf4 {[%clk 0:59:22]} 1-0

[Event "ureki2015"]
[Site "?"]
[Date "2015.10.09"]
[Round "5.18"]
[White "Khomeriki, Ketevan"]
[Black "Ziaziulkina, Nastassia"]
[Result "0-1"]
[LiveChessVersion "1.3.1"]
[BlackElo "2402"]
[WhiteElo "1841"]

1. e4 {[%clk 1:30:11]} c5 {[%clk 1:30:44]} 2. d3 {[%clk 1:30:34]} Nc6
{[%clk 1:30:47]} 3. c3 {[%clk 1:30:42]} e6 {[%clk 1:26:11]} 4. f4
{[%clk 1:29:20]} d5 {[%clk 1:25:39]} 5. Qc2 {[%clk 1:25:45]} Bd6 {[%clk 1:18:06]}
6. Nf3 {[%clk 1:22:21]} Nge7 {[%clk 1:17:46]} 7. g3 {[%clk 1:20:34]} b6
{[%clk 1:14:22]} 8. Be3 {[%clk 1:18:38]} O-O {[%clk 1:08:53]} 9. Nbd2
{[%clk 1:17:16]} Ba6 {[%clk 1:05:49]} 10. e5 {[%clk 1:12:26]} Bc7
{[%clk 1:02:45]} 11. Be2 {[%clk 0:53:44]} Qd7 {[%clk 0:52:38]} 12. Rd1
{[%clk 0:43:46]} Rad8 {[%clk 0:48:56]} 13. Nb3 {[%clk 0:40:17]} d4
{[%clk 0:33:26]} 14. Bf2 {[%clk 0:32:44]} Rc8 {[%clk 0:28:58]} 15. c4
{[%clk 0:29:58]} Nb4 {[%clk 0:25:08]} 16. Qb1 {[%clk 0:27:51]} Qa4
{[%clk 0:25:31]} 17. a3 {[%clk 0:22:29]} Qxb3 {[%clk 0:24:22]} 18. axb4
{[%clk 0:22:47]} Qxb4+ {[%clk 0:24:48]} 19. Kf1 {[%clk 0:23:06]} Nf5
{[%clk 0:17:56]} 20. g4 {[%clk 0:19:40]} Ne3+ {[%clk 0:17:44]} 21. Bxe3
{[%clk 0:19:57]} dxe3 {[%clk 0:18:12]} 22. Qc1 {[%clk 0:08:12]} f6
{[%clk 0:10:49]} 23. Qxe3 {[%clk 0:06:19]} fxe5 {[%clk 0:11:01]} 24. Nxe5
{[%clk 0:05:30]} Bb7 {[%clk 0:10:56]} 25. Rg1 {[%clk 0:04:45]} Qxb2
{[%clk 0:10:22]} 26. Nf3 {[%clk 0:00:55]} Bxf4 {[%clk 0:09:18]} 27. Qxe6+
{[%clk 0:01:19]} Kh8 {[%clk 0:09:41]} 28. Rg2 {[%clk 0:01:14]} a5
{[%clk 0:07:17]} 29. Rf2 {[%clk 0:00:44]} Rce8 {[%clk 0:07:11]} 30. Qd7
{[%clk 0:00:47]} Be3 {[%clk 0:07:12]} 31. Rg2 {[%clk 0:00:39]} Bxf3
{[%clk 0:07:05]} 0-1

[Event "ureki2015"]
[Site "?"]
[Date "2015.10.09"]
[Round "5.19"]
[White "Benidze, Davit"]
[Black "Bakhtadze, Levan"]
[Result "1-0"]
[LiveChessVersion "1.3.1"]
[BlackElo "2072"]
[WhiteElo "2491"]

1. d4 {[%clk 1:30:45]} Nf6 {[%clk 1:28:08]} 2. c4 {[%clk 1:31:07]} c5
{[%clk 1:28:19]} 3. d5 {[%clk 1:31:31]} e6 {[%clk 1:28:43]} 4. Nc3
{[%clk 1:31:58]} exd5 {[%clk 1:29:08]} 5. cxd5 {[%clk 1:32:26]} d6
{[%clk 1:29:31]} 6. e4 {[%clk 1:32:50]} g6 {[%clk 1:29:37]} 7. f4
{[%clk 1:33:15]} Bg7 {[%clk 1:28:55]} 8. Bb5+ {[%clk 1:33:41]} Nfd7
{[%clk 1:27:57]} 9. Nf3 {[%clk 1:34:05]} O-O {[%clk 1:27:18]} 10. O-O
{[%clk 1:33:47]} a6 {[%clk 1:20:58]} 11. Bd3 {[%clk 1:34:15]} b5 {[%clk 1:21:12]}
12. Kh1 {[%clk 1:34:43]} Re8 {[%clk 1:18:10]} 13. f5 {[%clk 1:35:12]} Ne5
{[%clk 1:16:07]} 14. Bg5 {[%clk 1:34:41]} f6 {[%clk 1:10:34]} 15. Nxe5
{[%clk 1:34:30]} Rxe5 {[%clk 1:08:09]} 16. Bf4 {[%clk 1:34:47]} Re8
{[%clk 1:05:55]} 17. Bg3 {[%clk 1:33:50]} g5 {[%clk 1:04:14]} 18. a4
{[%clk 1:33:19]} b4 {[%clk 1:00:59]} 19. Nb1 {[%clk 1:31:19]} a5 {[%clk 0:55:22]}
20. Nd2 Ba6 21. Bxa6 {[%clk 1:32:15]} Rxa6 {[%clk 0:56:03]} 22. Nc4 Bf8
{[%clk 0:50:30]} 23. Qg4 {[%clk 1:28:38]} Qe7 {[%clk 0:44:40]} 24. h4
{[%clk 1:28:54]} h6 {[%clk 0:36:38]} 25. Rae1 {[%clk 1:27:19]} Nd7
{[%clk 0:28:09]} 26. Qe2 {[%clk 1:27:44]} Rea8 {[%clk 0:27:54]} 27. b3
{[%clk 1:27:57]} Qe8 {[%clk 0:18:03]} 28. Qf3 {[%clk 1:26:43]} Rd8
{[%clk 0:10:13]} 29. Qd3 {[%clk 1:24:29]} Rda8 {[%clk 0:08:36]} 30. Re3
{[%clk 1:24:52]} Kf7 {[%clk 0:08:21]} 31. Bh2 {[%clk 1:25:04]} Ke7
{[%clk 0:06:05]} 32. Nxd6 {[%clk 1:24:32]} Rxd6 {[%clk 0:06:30]} 33. e5
{[%clk 1:25:00]} fxe5 {[%clk 0:05:58]} 34. Bxe5 {[%clk 1:25:14]} Qh5
{[%clk 0:05:55]} 35. Bxd6+ {[%clk 1:25:39]} Kxd6 {[%clk 0:06:05]} 36. Qb5
{[%clk 1:26:01]} Rc8 {[%clk 0:03:55]} 37. Re6+ {[%clk 1:25:57]} Kc7
{[%clk 0:04:25]} 38. Qxa5+ {[%clk 1:26:18]} Kb8 {[%clk 0:03:49]} 39. Qb5+
{[%clk 1:26:45]} Kc7 {[%clk 0:04:17]} 40. d6+ {[%clk 1:54:11]} Bxd6
{[%clk 0:33:58]} 41. Qa5+ {[%clk 1:54:40]} Nb6 {[%clk 0:31:46]} 42. Qa7+
{[%clk 1:54:59]} Kc6 {[%clk 0:32:06]} 43. Rxd6+ {[%clk 1:55:28]} Kxd6
{[%clk 0:32:31]} 44. Qxb6+ {[%clk 1:55:56]} Kd7 {[%clk 0:32:47]} 45. Qb7+
{[%clk 1:56:06]} Rc7 {[%clk 0:32:58]} 46. Qd5+ {[%clk 1:56:32]} Kc8
{[%clk 0:33:25]} 47. Rd1 {[%clk 1:56:42]} Kb8 {[%clk 0:30:43]} 48. a5
{[%clk 1:56:09]} Qxh4+ {[%clk 0:29:23]} 49. Kg1 {[%clk 1:56:37]} g4
{[%clk 0:29:19]} 50. Qe4 {[%clk 1:55:35]} Re7 {[%clk 0:24:43]} 51. Qf4+
{[%clk 1:55:28]} Ka7 {[%clk 0:25:00]} 52. f6 {[%clk 1:53:57]} 1-0

[Event "ureki2015"]
[Site "?"]
[Date "2015.10.09"]
[Round "5.20"]
[White "Kobakhidze, Irakli"]
[Black "Quparadze, Giga"]
[Result "0-1"]
[LiveChessVersion "1.3.1"]
[BlackElo "2445"]
[WhiteElo "1511"]

1. e4 {[%clk 1:28:26]} c5 {[%clk 1:30:56]} 2. Nf3 {[%clk 1:28:45]} e6
{[%clk 1:31:18]} 3. c3 {[%clk 1:29:05]} d5 {[%clk 1:31:33]} 4. exd5
{[%clk 1:29:27]} Qxd5 {[%clk 1:31:54]} 5. d4 {[%clk 1:29:47]} Nc6
{[%clk 1:32:05]} 6. Bb5 {[%clk 1:27:41]} cxd4 {[%clk 1:31:45]} 7. Nxd4
{[%clk 1:27:55]} Qxg2 {[%clk 1:32:02]} 8. Rf1 {[%clk 1:27:45]} Bd7
{[%clk 1:31:57]} 9. Bf4 {[%clk 1:23:42]} Nf6 {[%clk 1:31:49]} 10. Qf3
{[%clk 1:23:14]} Qxf3 {[%clk 1:31:05]} 11. Nxf3 {[%clk 1:23:40]} Bc5
{[%clk 1:31:28]} 12. Nbd2 {[%clk 1:23:53]} a6 {[%clk 1:30:36]} 13. Bc4
{[%clk 1:23:39]} b5 {[%clk 1:30:55]} 14. Bb3 {[%clk 1:23:33]} O-O
{[%clk 1:31:04]} 15. O-O-O {[%clk 1:24:00]} Rfd8 {[%clk 1:31:03]} 16. Ne5
{[%clk 1:23:44]} Nxe5 {[%clk 1:31:23]} 17. Bxe5 {[%clk 1:24:10]} Bc6
{[%clk 1:31:47]} 18. Bc2 {[%clk 1:22:49]} Ng4 {[%clk 1:29:32]} 19. Bg3
{[%clk 1:22:21]} Nf6 {[%clk 1:29:02]} 20. Rg1 {[%clk 1:22:37]} Kf8
{[%clk 1:29:18]} 21. Rdf1 {[%clk 1:22:19]} Rd7 {[%clk 1:29:30]} 22. Be5
{[%clk 1:22:29]} Rad8 {[%clk 1:29:54]} 23. Nb3 {[%clk 1:22:03]} Bd6
{[%clk 1:27:32]} 24. Bxf6 {[%clk 1:21:48]} gxf6 {[%clk 1:27:47]} 25. Nd4
{[%clk 1:21:34]} Bd5 {[%clk 1:28:04]} 26. Bxh7 {[%clk 1:18:51]} Bxh2
{[%clk 1:28:07]} 27. Rg8+ {[%clk 1:18:51]} Ke7 {[%clk 1:28:31]} 28. Rg7
{[%clk 1:18:49]} Bf4+ {[%clk 1:28:54]} 29. Kb1 {[%clk 1:18:56]} Rh8
{[%clk 1:29:16]} 30. Bg6 {[%clk 1:15:13]} Kf8 {[%clk 1:28:58]} 31. Rh7
{[%clk 1:12:56]} Rxh7 {[%clk 1:28:57]} 32. Bxh7 {[%clk 1:13:19]} f5
{[%clk 1:29:22]} 33. Rg1 {[%clk 1:13:46]} Be5 {[%clk 1:29:30]} 34. Rg8+
{[%clk 1:12:54]} Ke7 {[%clk 1:29:53]} 35. Ne2 {[%clk 1:10:38]} Bf3
{[%clk 1:29:45]} 36. Ng3 {[%clk 1:09:22]} Rd2 {[%clk 1:30:03]} 37. Bxf5
{[%clk 1:04:41]} exf5 {[%clk 1:30:20]} 38. Nxf5+ {[%clk 1:05:01]} Kf6
{[%clk 1:30:45]} 39. Nd4 {[%clk 1:05:25]} Bxd4 {[%clk 1:31:08]} 40. cxd4
{[%clk 1:35:36]} Rxd4 {[%clk 2:01:35]} 41. Rg3 {[%clk 1:35:19]} Rf4
{[%clk 2:01:56]} 42. Kc1 {[%clk 1:35:25]} Bd5 {[%clk 2:01:45]} 43. Ra3
{[%clk 1:34:00]} Ra4 {[%clk 2:01:51]} 44. Rxa4 {[%clk 1:34:14]} bxa4
{[%clk 2:02:15]} 45. a3 {[%clk 1:34:36]} Kf5 {[%clk 2:02:40]} 46. Kd2
{[%clk 1:34:48]} Kf4 {[%clk 2:03:06]} 0-1

[Event "ureki2015"]
[Site "?"]
[Date "2015.10.09"]
[Round "5.21"]
[White "Managadze, Nikoloz"]
[Black "Petriashvili, Nikoloz"]
[Result "1-0"]
[LiveChessVersion "1.3.1"]
[BlackElo "2240"]
[WhiteElo "2459"]

1. e4 {[%clk 1:30:42]} c5 {[%clk 1:28:47]} 2. c4 {[%clk 1:31:07]} Nc6
{[%clk 1:29:05]} 3. Ne2 {[%clk 1:31:27]} e5 {[%clk 1:27:32]} 4. g3
{[%clk 1:31:06]} g6 {[%clk 1:27:48]} 5. Nbc3 {[%clk 1:30:09]} Bg7
{[%clk 1:27:12]} 6. d3 {[%clk 1:30:02]} Nge7 {[%clk 1:27:16]} 7. h4
{[%clk 1:30:22]} Nd4 {[%clk 1:24:26]} 8. Nxd4 {[%clk 1:28:44]} cxd4
{[%clk 1:24:15]} 9. Ne2 {[%clk 1:29:08]} h5 {[%clk 1:22:53]} 10. Bg2
{[%clk 1:26:49]} b5 {[%clk 1:19:04]} 11. cxb5 {[%clk 1:17:22]} Qa5+
{[%clk 1:19:01]} 12. Qd2 {[%clk 1:17:48]} Qxb5 {[%clk 1:17:59]} 13. a4
{[%clk 1:18:13]} Qb3 {[%clk 1:08:03]} 14. Ra3 {[%clk 1:18:35]} Qb6
{[%clk 1:08:20]} 15. b4 {[%clk 1:19:00]} a6 {[%clk 1:06:04]} 16. O-O
{[%clk 1:17:13]} d6 {[%clk 1:05:40]} 17. Qb2 {[%clk 1:17:06]} Rb8
{[%clk 1:04:09]} 18. Bd2 {[%clk 1:17:08]} O-O {[%clk 1:03:41]} 19. Rb1
{[%clk 1:09:40]} Bd7 {[%clk 1:02:13]} 20. Nc1 {[%clk 1:09:43]} Kh7
{[%clk 0:58:14]} 21. Nb3 {[%clk 1:07:24]} Bh6 {[%clk 0:56:46]} 22. Bxh6
{[%clk 1:06:53]} Kxh6 {[%clk 0:56:55]} 23. Na5 {[%clk 1:06:29]} Be6
{[%clk 0:55:33]} 24. Nc4 {[%clk 1:05:42]} Bxc4 {[%clk 0:47:03]} 25. a5
{[%clk 1:05:57]} Qc7 {[%clk 0:45:06]} 26. Qc1+ {[%clk 1:01:07]} Kg7
{[%clk 0:45:32]} 27. dxc4 {[%clk 1:01:33]} Nc6 {[%clk 0:41:22]} 28. Qe1
{[%clk 1:01:30]} Na7 {[%clk 0:39:31]} 29. Bf1 {[%clk 1:00:23]} Rb7
{[%clk 0:37:32]} 30. Bd3 {[%clk 0:54:54]} Rfb8 {[%clk 0:37:27]} 31. Kh2
{[%clk 0:53:57]} Qe7 {[%clk 0:35:30]} 32. Qd2 {[%clk 0:52:53]} f6
{[%clk 0:34:07]} 33. Ra2 {[%clk 0:51:33]} d5 {[%clk 0:28:53]} 34. cxd5
{[%clk 0:48:00]} Nb5 {[%clk 0:29:06]} 35. Bxb5 {[%clk 0:48:25]} Rxb5
{[%clk 0:29:28]} 36. Rc2 {[%clk 0:48:11]} Rxb4 {[%clk 0:23:19]} 37. Rxb4
{[%clk 0:48:16]} Rxb4 {[%clk 0:23:37]} 38. Rc6 {[%clk 0:48:29]} Rb7
{[%clk 0:18:22]} 39. Qd3 {[%clk 0:43:54]} Qb4 {[%clk 0:15:11]} 40. Qxa6
{[%clk 1:13:26]} Rf7 {[%clk 0:45:16]} 41. Kg2 {[%clk 0:57:23]} Qe1
{[%clk 0:41:25]} 42. Qd3 {[%clk 0:56:02]} Qxa5 {[%clk 0:36:01]} 43. Qc2
{[%clk 0:52:16]} Qb5 {[%clk 0:30:37]} 44. Rc5 {[%clk 0:52:25]} Qb8
{[%clk 0:29:30]} 45. Rc8 {[%clk 0:50:10]} Qb7 {[%clk 0:27:20]} 46. Rc5
{[%clk 0:45:36]} Qb4 {[%clk 0:26:15]} 47. Rc6 {[%clk 0:43:24]} Qb5
{[%clk 0:23:36]} 48. Qd1 {[%clk 0:42:45]} f5 {[%clk 0:17:02]} 49. Qc2
{[%clk 0:41:35]} f4 {[%clk 0:16:17]} 50. gxf4 {[%clk 0:31:38]} Rxf4
{[%clk 0:15:46]} 51. f3 {[%clk 0:31:56]} Rf7 {[%clk 0:13:31]} 52. Rc5
{[%clk 0:30:00]} Qb4 {[%clk 0:13:10]} 53. Rc6 {[%clk 0:29:37]} Qe1
{[%clk 0:12:45]} 54. Qf2 {[%clk 0:30:03]} Qxf2+ {[%clk 0:11:36]} 55. Kxf2
{[%clk 0:30:32]} Ra7 {[%clk 0:10:33]} 56. Re6 {[%clk 0:29:24]} Ra2+
{[%clk 0:10:11]} 57. Ke1 {[%clk 0:29:53]} Ra1+ {[%clk 0:10:10]} 58. Kd2
{[%clk 0:30:22]} Ra2+ {[%clk 0:10:10]} 59. Kc1 {[%clk 0:30:49]} Kf7
{[%clk 0:09:06]} 60. Rxe5 {[%clk 0:31:09]} Ra6 {[%clk 0:09:18]} 61. f4
{[%clk 0:29:39]} Rf6 {[%clk 0:08:29]} 62. f5 {[%clk 0:29:59]} Ra6
{[%clk 0:08:13]} 63. fxg6+ {[%clk 0:29:20]} Kxg6 {[%clk 0:08:12]} 64. Kd2
{[%clk 0:29:32]} Ra3 {[%clk 0:08:33]} 65. d6 {[%clk 0:29:37]} Ra8
{[%clk 0:08:40]} 66. Kd3 {[%clk 0:29:43]} Rd8 {[%clk 0:08:52]} 67. Rd5
{[%clk 0:29:50]} Kf6 {[%clk 0:09:16]} 68. Kxd4 {[%clk 0:30:15]} Ke6
{[%clk 0:09:18]} 69. d7 {[%clk 0:30:41]} Kxd5+ 1-0

[Event "ureki2015"]
[Site "?"]
[Date "2015.10.09"]
[Round "5.22"]
[White "Gavasheli, Ana"]
[Black "Arabidze, Meri"]
[Result "0-1"]
[LiveChessVersion "1.3.1"]
[BlackElo "2405"]
[WhiteElo "2168"]

1. Nf3 {[%clk 1:28:50]} f5 {[%clk 1:30:40]} 2. d3 {[%clk 1:29:14]} Nf6
{[%clk 1:30:56]} 3. e4 {[%clk 1:29:37]} d6 {[%clk 1:22:38]} 4. exf5
{[%clk 1:29:59]} Bxf5 {[%clk 1:21:17]} 5. d4 {[%clk 1:30:25]} Nc6
{[%clk 1:18:20]} 6. Bd3 {[%clk 1:30:17]} Bg4 {[%clk 1:17:14]} 7. h3
{[%clk 1:25:10]} Bh5 {[%clk 1:16:24]} 8. g4 {[%clk 1:23:04]} Bf7 {[%clk 1:16:08]}
9. g5 {[%clk 1:20:45]} Nd5 {[%clk 1:06:09]} 10. g6 {[%clk 1:20:25]} Bxg6
{[%clk 1:06:28]} 11. Bxg6+ {[%clk 1:20:50]} hxg6 {[%clk 1:06:53]} 12. Qd3
{[%clk 1:20:28]} e6 {[%clk 1:05:40]} 13. Qxg6+ {[%clk 1:06:43]} Kd7
{[%clk 1:05:59]} 14. Bg5 {[%clk 0:40:33]} Qe8 {[%clk 1:04:07]} 15. Qe4
{[%clk 0:40:52]} Qf7 {[%clk 0:55:47]} 16. Nbd2 {[%clk 0:38:40]} Re8
{[%clk 0:55:40]} 17. O-O-O {[%clk 0:38:04]} Be7 {[%clk 0:55:30]} 18. h4
{[%clk 0:31:09]} Rhf8 {[%clk 0:51:51]} 19. Rhg1 {[%clk 0:25:32]} Qf5
{[%clk 0:43:01]} 20. Rde1 {[%clk 0:24:32]} Qxe4 {[%clk 0:36:26]} 21. Rxe4
{[%clk 0:24:57]} Nf6 {[%clk 0:35:58]} 22. Ree1 {[%clk 0:21:17]} Nh5
{[%clk 0:35:51]} 23. Rg4 {[%clk 0:21:14]} Rf5 {[%clk 0:34:03]} 24. Be3
{[%clk 0:14:19]} Nb4 {[%clk 0:30:20]} 25. a3 {[%clk 0:12:22]} Nd5
{[%clk 0:30:41]} 26. Ng5 {[%clk 0:10:36]} Bf6 {[%clk 0:29:32]} 27. Nde4
{[%clk 0:08:50]} e5 {[%clk 0:28:28]} 28. Nh7 {[%clk 0:04:49]} exd4
{[%clk 0:22:36]} 29. Nhxf6+ {[%clk 0:05:13]} gxf6 {[%clk 0:13:08]} 30. Bxd4
{[%clk 0:05:37]} c5 {[%clk 0:12:19]} 31. Be3 {[%clk 0:05:41]} Rfe5
{[%clk 0:12:30]} 32. Ng3 {[%clk 0:04:36]} f5 {[%clk 0:11:46]} 33. Nxh5
{[%clk 0:02:43]} fxg4 {[%clk 0:12:05]} 34. c4 {[%clk 0:02:25]} Rxh5
{[%clk 0:11:12]} 35. cxd5 {[%clk 0:02:51]} Rxh4 {[%clk 0:11:13]} 36. b4
{[%clk 0:02:23]} cxb4 {[%clk 0:10:52]} 37. axb4 {[%clk 0:02:49]} g3
{[%clk 0:11:10]} 38. fxg3 {[%clk 0:03:07]} Rxb4 {[%clk 0:11:31]} 39. Kd2
{[%clk 0:03:26]} Rbe4 {[%clk 0:11:52]} 40. Kd3 {[%clk 0:33:23]} a5
{[%clk 0:42:04]} 41. Kd4 0-1